000 00614nam a2200253Ia 4500
005 20260121160454.0
008 008 260114s9999 xx 000 0 eng d
020 _a9780429478123
037 _aEBOOK
040 _aCRL
040 _beng
040 _cCRL
041 _2eng
041 _aeng
084 _qCRL
100 _a David L. Downing; Jon Mills
_91032362
245 0 _aOutpatient Treatment of Psychosis
260 _bTaylor and Francis
260 _c2017
856 _uhttp://www.taylorfrancis.com/books/9780429478123
942 _cEBOOK
999 _c1599178
_d1599178